000 00191 a2200097 4500
001 4242
100 _aNewton,K
245 _aMotor vehicle the
260 _a
_bIliffe
_c
090 _c3459
_d3459
942 _aNUST-CAE
_cM
_c27324
999 _c239315
_d239315